|
|
|
|
| LEADER |
00705nab a2200193 i 4500 |
| 001 |
publ37203 |
| 005 |
20250709124041.0 |
| 008 |
250709s2023 hu o 000 eng d |
| 022 |
|
|
|a 2587-0920
|
| 024 |
7 |
|
|a 34281584
|2 mtmt
|
| 040 |
|
|
|a SZTE Publicatio Repozitórium
|b hun
|
| 041 |
|
|
|a eng
|
| 100 |
1 |
|
|a Qodirov Nosirkhon
|
| 245 |
1 |
4 |
|a The EU's Engagement With Central Asia
|h [elektronikus dokumentum] :
|b Assessing Achievements and Prospects for Cooperation /
|c Qodirov Nosirkhon
|
| 260 |
|
|
|c 2023
|
| 300 |
|
|
|a 75-79
|
| 490 |
0 |
|
|a AVRASYIA DÜNYASI/EUROASIAN WORLD
|v 7 No. 13
|
| 650 |
|
4 |
|a Politikatudomány
|
| 856 |
4 |
0 |
|u http://publicatio.bibl.u-szeged.hu/37203/1/avrasya-dunyasi-sayi-13_Qodirov.pdf
|z Dokumentum-elérés
|